|
|
|
|
| LEADER |
00922nam a2200181Ia 4500 |
| 001 |
TDMU_14384 |
| 008 |
210410s9999 xx 000 0 und d |
| 082 |
|
|
|a 343.59705
|
| 090 |
|
|
|b V308
|
| 100 |
|
|
|a Việt Nam (Cộng Hòa Xã Hội Chủ Nghĩa)
|
| 245 |
|
0 |
|a Pháp lệnh sửa đổi một số điều của pháp lệnh thuế thu nhập đối với người có thu nhập cao
|
| 245 |
|
0 |
|c Việt Nam (Cộng Hòa Xã Hội Chủ Nghĩa)
|
| 260 |
|
|
|b Chính trị quốc gia
|
| 260 |
|
|
|c 1997
|
| 300 |
|
|
|a 29tr.
|
| 650 |
|
|
|a Luật ; Pháp luật
|z Việt Nam ; Pháp lệnh thuế thu nhập cá nhân
|x Thuế thu nhập đối với người có thu nhập cao
|y 1994
|z Việt Nam
|
| 856 |
|
|
|u http://lrc.tdmu.edu.vn/opac/search/detail.asp?aID=2&ID=14384
|
| 980 |
|
|
|a Trung tâm Học liệu Trường Đại học Thủ Dầu Một
|